000 00229nam a22000857a 4500
008 160704b xxu||||| |||| 00| 0 eng d
100 _91921
_a Srivastava, G
245 _aBlooms in Disguise
260 _aNew Delhi
_bPoonam Prakashan
_c1997
999 _c1623
_d1623